<?xml version="1.0" encoding="UTF-8"?>
<record
    xmlns:xsi="http://www.w3.org/2001/XMLSchema-instance"
    xsi:schemaLocation="http://www.loc.gov/MARC21/slim http://www.loc.gov/standards/marcxml/schema/MARC21slim.xsd"
    xmlns="http://www.loc.gov/MARC21/slim">

  <leader>01069cam a2200313 i 4500</leader>
  <controlfield tag="001">1225432</controlfield>
  <controlfield tag="003">YEEZEN</controlfield>
  <controlfield tag="005">20260202141339.0</controlfield>
  <controlfield tag="008">250922s2025    ch a   g      000 0bchi d</controlfield>
  <datafield tag="020" ind1=" " ind2=" ">
    <subfield code="a">9786267035382</subfield>
    <subfield code="q">(&#x5E73;&#x88DD;) :</subfield>
    <subfield code="c">NT$480</subfield>
  </datafield>
  <datafield tag="040" ind1=" " ind2=" ">
    <subfield code="a">TWTNM</subfield>
    <subfield code="b">chi</subfield>
    <subfield code="c">TWTNM</subfield>
  </datafield>
  <datafield tag="042" ind1=" " ind2=" ">
    <subfield code="a">nbic</subfield>
  </datafield>
  <datafield tag="084" ind1=" " ind2=" ">
    <subfield code="a">783.3886</subfield>
    <subfield code="2">ncsclt</subfield>
  </datafield>
  <datafield tag="090" ind1=" " ind2=" ">
    <subfield code="a">783.3886</subfield>
  </datafield>
  <datafield tag="100" ind1="1" ind2=" ">
    <subfield code="a">&#x6797;&#x975C;&#x82B8;</subfield>
  </datafield>
  <datafield tag="245" ind1="1" ind2="0">
    <subfield code="a">&#x8B1D;&#x8B1D;&#x4F60;&#x7559;&#x4E0B;&#x4F86;&#x966A;&#x6211; :</subfield>
    <subfield code="b">&#x70BA;&#x5931;&#x667A;&#x8005;.&#x7167;&#x9867;&#x8005;&#x627E;&#x51FA;&#x53E3; &#x6797;&#x975C;&#x82B8;&#x91AB;&#x5E2B;&#x52C7;&#x6562;&#x66F8;&#x5BEB;&#x6797;&#x82B3;&#x90C1;&#x9662;&#x9577;&#x7684;&#x6545;&#x4E8B; /</subfield>
    <subfield code="c">&#x6797;&#x975C;&#x82B8;, &#x6D2A;&#x6DD1;&#x60E0;&#x5408;&#x8457;</subfield>
  </datafield>
  <datafield tag="246" ind1="3" ind2="0">
    <subfield code="a">&#x70BA;&#x5931;&#x667A;&#x8005;.&#x7167;&#x9867;&#x8005;&#x627E;&#x51FA;&#x53E3; &#x6797;&#x975C;&#x82B8;&#x91AB;&#x5E2B;&#x52C7;&#x6562;&#x66F8;&#x5BEB;&#x6797;&#x82B3;&#x90C1;&#x9662;&#x9577;&#x7684;&#x6545;&#x4E8B;</subfield>
  </datafield>
  <datafield tag="246" ind1="3" ind2="0">
    <subfield code="a">&#x70BA;&#x5931;&#x667A;&#x8005;.&#x7167;&#x9867;&#x8005;&#x627E;&#x51FA;&#x53E3; &#x6797;&#x975C;&#x85DD;&#x91AB;&#x5E2B;&#x52C7;&#x6562;&#x66F8;&#x5BEB;&#x6797;&#x82B3;&#x90C1;&#x9662;&#x9577;&#x7684;&#x6545;&#x4E8B;</subfield>
  </datafield>
  <datafield tag="250" ind1=" " ind2=" ">
    <subfield code="a">&#x4E00;&#x7248;</subfield>
  </datafield>
  <datafield tag="260" ind1=" " ind2=" ">
    <subfield code="a">&#x65B0;&#x5317;&#x5E02; :</subfield>
    <subfield code="b">&#x806F;&#x5408;&#x5831;&#x5065;&#x5EB7;&#x4E8B;&#x696D;&#x90E8;,</subfield>
    <subfield code="c">2025.06</subfield>
  </datafield>
  <datafield tag="300" ind1=" " ind2=" ">
    <subfield code="a">319&#x9762; :</subfield>
    <subfield code="b">&#x5F69;&#x5716; ;</subfield>
    <subfield code="c">23&#x516C;&#x5206;</subfield>
  </datafield>
  <datafield tag="600" ind1="1" ind2="7">
    <subfield code="a">&#x6797;&#x82B3;&#x90C1;</subfield>
    <subfield code="2">lcstt.</subfield>
  </datafield>
  <datafield tag="650" ind1=" " ind2="7">
    <subfield code="a">&#x91AB;&#x5E2B;</subfield>
    <subfield code="2">lcstt.</subfield>
  </datafield>
  <datafield tag="650" ind1=" " ind2="7">
    <subfield code="a">&#x5931;&#x667A;&#x75C7;</subfield>
    <subfield code="2">lcstt.</subfield>
  </datafield>
  <datafield tag="650" ind1=" " ind2="7">
    <subfield code="a">&#x7167;&#x9867;&#x8005;</subfield>
    <subfield code="2">lcstt.</subfield>
  </datafield>
  <datafield tag="650" ind1=" " ind2="7">
    <subfield code="a">&#x50B3;&#x8A18;</subfield>
    <subfield code="2">lcstt.</subfield>
  </datafield>
  <datafield tag="700" ind1="1" ind2=" ">
    <subfield code="a">&#x6D2A;&#x6DD1;&#x60E0;</subfield>
  </datafield>
  <datafield tag="942" ind1=" " ind2=" ">
    <subfield code="2">ccl</subfield>
    <subfield code="c">BOOK</subfield>
  </datafield>
  <datafield tag="999" ind1=" " ind2=" ">
    <subfield code="c">7692</subfield>
    <subfield code="d">7692</subfield>
  </datafield>
  <datafield tag="952" ind1=" " ind2=" ">
    <subfield code="0">0</subfield>
    <subfield code="1">0</subfield>
    <subfield code="2">ccl</subfield>
    <subfield code="4">0</subfield>
    <subfield code="7">0</subfield>
    <subfield code="a">yeezen</subfield>
    <subfield code="b">yeezen</subfield>
    <subfield code="c">YEEZEN</subfield>
    <subfield code="d">2026-02-02</subfield>
    <subfield code="l">3</subfield>
    <subfield code="m">1</subfield>
    <subfield code="o">783.3886</subfield>
    <subfield code="p">C03276</subfield>
    <subfield code="r">2026-03-31 00:00:00</subfield>
    <subfield code="s">2026-03-27</subfield>
    <subfield code="w">2026-02-02</subfield>
    <subfield code="y">BOOK</subfield>
    <subfield code="z">&#x8B1D;&#x8B1D;&#x4F60;&#x7559;&#x4E0B;&#x4F86;&#x966A;&#x6211; &#x3000;&#x3000;&#x70BA;&#x5931;&#x667A;&#x8005;&#x3001;&#x7167;&#x9867;&#x8005;&#x627E;&#x51FA;&#x53E3;&#xFF0C;&#x6797;&#x975C;&#x82B8;&#x91AB;&#x5E2B;&#x52C7;&#x6562;&#x66F8;&#x5BEB;&#x6797;&#x82B3;&#x90C1;&#x9662;&#x9577;&#x7684;&#x6545;&#x4E8B;  &#x3000;&#x3000;&#x6797;&#x82B3;&#x90C1;&#xFF0C;&#x4F4E;&#x8ABF;&#x8B19;&#x6C96;&#xFF0C;&#x7121;&#x8072;&#x6709;&#x5149;&#xFF5E; &#x3000;&#x3000;&#x4E09;&#x5927;&#x91AB;&#x5B78;&#x4E2D;&#x5FC3;&#x9662;&#x9577;&#x3001;&#x5FC3;&#x81DF;&#x5916;&#x79D1;&#x6B0A;&#x5A01;&#x3002; &#x3000;&#x3000;&#x7D42;&#x7D50;&#x53F0;&#x5927;&#x7D05;&#x5305;&#x6587;&#x5316;&#x3001;&#x50AC;&#x751F;&#x7DCA;&#x6025;&#x6551;&#x8B77;EMT&#x9AD4;&#x7CFB;&#x3001;&#x6539;&#x9769;&#x4E09;&#x5927;&#x91AB;&#x5B78;&#x4E2D;&#x5FC3;&#xFF0C;&#x5C0D;&#x53F0;&#x7063;&#x91AB;&#x7642;&#x5E36;&#x4F86;&#x5DE8;&#x5927;&#x800C;&#x6DF1;&#x9060;&#x7684;&#x5F71;&#x97FF;&#x3002;  &#x3000;&#x3000;&#x6797;&#x975C;&#x82B8;&#xFF0C;&#x5E7D;&#x9ED8;&#x777F;&#x667A;&#x3001;&#x6EAB;&#x6696;&#x771F;&#x8AA0;&#xFF5E; &#x3000;&#x3000;&#x53F0;&#x7063;&#x7B2C;&#x4E00;&#x4F4D;&#x5973;&#x5916;&#x79D1;&#x91AB;&#x5E2B;&#xFF0C;&#x88AB;&#x8B7D;&#x70BA;&#x300C;&#x6574;&#x5F62;&#x5916;&#x79D1;&#x6559;&#x6BCD;&#x300D;&#x3002; &#x3000;&#x3000; &#x3000;&#x3000;&#x5E74;&#x8F15;&#x6642;&#xFF0C;&#x4ED6;&#x5B88;&#x8457;&#x967D;&#x5149;&#x5973;&#x5B69;&#x6797;&#x975C;&#x82B8;&#xFF0C; &#x3000;&#x3000;&#x800C;&#x5982;&#x4ECA;&#xFF0C;&#x5979;&#x5B88;&#x8B77;&#x88AB;&#x75C5;&#x75DB;&#x570D;&#x56F0;&#x7684;&#x4ED6;&#xFF0C; &#x3000; &#x3000;&#x3000;&#x300C;&#x4F60;&#x7528;&#x76E1;&#x5168;&#x8EAB;&#x7684;&#x529B;&#x91CF;&#xFF0C;&#x62DA;&#x547D;&#x7559;&#x4E0B;&#x4F86;&#x966A;&#x6211;&#xFF0C;&#x4E0D;&#x7BA1;&#x6B72;&#x6708;&#x5982;&#x4F55;&#x3001;&#x75C5;&#x7A0B;&#x5982;&#x4F55;&#xFF0C;&#x6211;&#x4E5F;&#x6703;&#x76E1;&#x6700;&#x5927;&#x7684;&#x52AA;&#x529B;&#x4F86;&#x56DE;&#x61C9;&#x4F60;&#x3002;&#x300D;</subfield>
  </datafield>
</record>
